000 00485nam a2200181Ia 4500
008 230917s9999||||xx |||||||||||||| ||und||
020 _cRS475
040 _e228225
_aMAIN
041 _aEnglish
082 _a658.3 P192H(2)
100 _aPande, Sharon
245 0 _aHuman resource management: Text and cases
250 _a2nd ed.
260 _aNoida
_bVikas Publishing
_c2015
300 _axix, 594 p.
500 _a2113 11/09/2015 HBD15/6497 21/09/2015 Main Budget
942 _cBK
999 _c15994
_d15994